| 000 | 01185nkm a2200325 c 4500 | ||
|---|---|---|---|
| 003 | BLK | ||
| 005 | 20180421002032.0 | ||
| 008 | 180412b bul rap|r|||| r0| ||bulo| | ||
| 010 | _aKNG00165083000 | ||
| 040 | _aBLK | ||
| 041 |
_aRUS _cRUS _hENG |
||
| 080 |
_aТеатрална живопис. Сценография _b75.054 _x(470) _z75.054(470) |
||
| 139 |
_aХудожники Большого театра _bХ 93 |
||
| 245 | 1 | 0 | _aХудожники Большого театра |
| 257 | _aSUN | ||
| 260 |
_аМосква _bСов. художник _c1976 |
||
| 300 |
_a176 с. _bс ил. _c30 см |
||
| 380 | _a7 | ||
| 500 | _aБиблиогр. с. 168-171. - Списък на ил. - Рез. на англ. - 10 000 тир. | ||
| 650 | 4 |
_aСценография _9172763 |
|
| 651 | 4 |
_aРусия _9179465 |
|
| 653 | _aсценография | ||
| 653 | _aБолшой театър | ||
| 653 | _aтеатрална живопис | ||
| 852 | _aЦб Гр А ІІ 2534 | ||
| 856 | 4 |
_qpdf _u |
|
| 856 | 4 |
_qpdf _u |
|
| 942 |
_cGRA _n0 |
||
| 944 |
_aCR _c19.09.2014 _l19.09.2014 - от С1,Р / 19.09.2014 _kКамелия_Данева |
||
| 944 |
_aED _c19.09.2014 _l19.09.2014 - от С1,Р / 19.09.2014 _k |
||
| 999 |
_c210394 _d210394 |
||